[Event "Madrid ch 2009 - Semifinal B"]
[Site "Madrid ESP"]
[Date "2009.01.23"]
[Round "4.9"]
[White "Collado Barbas, Laura"]
[Black "Rojas Pozo, Jose Luis"]
[Result "0-1"]
[WhiteElo "2046"]
[BlackElo "1914"]
[PlyCount "82"]
[EventDate "2009.01.15"]
[EventType "swiss"]
[EventRounds "9"]
[EventCountry "ESP"]
[Source "lmi"]
[SourceDate "2009.01.15"]

1. d4 d5 2. c4 e5 3. dxe5 d4 4. Nf3 Nc6 5. Bf4 Nge7 6. Bg5 Bg4 7. Nbd2 h6 8.
Bh4 g5 9. Bg3 Nf5 10. a3 Nxg3 11. hxg3 Bg7 12. Qb3 Qd7 13. Ne4 b6 14. Nf6+ Bxf6
15. exf6 O-O-O 16. Qb5 Qe6 17. O-O-O Qxf6 18. Nd2 Rhe8 19. f3 Bf5 20. Nb3 Re5
21. c5 Na5 22. Qa6+ Kb8 23. Nxa5 Rxc5+ 24. Nc4 Bc8 25. Qa4 b5 26. Qb3 Rxc4+ 27.
Kb1 Bf5+ 28. Ka1 Qc6 29. e4 Rc1+ 30. Rxc1 Qxc1+ 31. Ka2 Be6 32. Bc4 Qxc4 33.
Qxc4 bxc4 34. Kb1 Rh8 35. Kc2 Kb7 36. f4 gxf4 37. gxf4 f6 38. f5 Bf7 39. Rh3 h5
40. Kd2 Rg8 41. g3 Rg4 0-1

[Event "Madrid ch 2009 - Semifinal B"]
[Site "Madrid ESP"]
[Date "2009.01.23"]
[Round "4.10"]
[White "Ferreiro Calvo, Manuel"]
[Black "Suarez Uriel, Adrian"]
[Result "1-0"]
[WhiteElo "2041"]
[BlackElo "2160"]
[PlyCount "143"]
[EventDate "2009.01.15"]
[EventType "swiss"]
[EventRounds "9"]
[EventCountry "ESP"]
[Source "lmi"]
[SourceDate "2009.01.15"]

1. Nf3 d5 2. d4 e6 3. c4 c6 4. e3 f5 5. Bd3 Bd6 6. Nc3 Nh6 7. O-O Nd7 8. b3 O-O
9. Bb2 g5 10. Ne2 Qf6 11. Re1 Nf7 12. Qc2 g4 13. Nd2 Ng5 14. Nf1 h5 15. Kh1 h4
16. Nf4 Rf7 17. Rac1 Nf8 18. Qe2 Qh6 19. Rc2 Rh7 20. Rb1 g3 21. h3 Ng6 22. Nxg6
Qxg6 23. f4 Ne4 24. Nd2 Nf2+ 25. Kg1 Bd7 26. Nf3 Be8 27. Qf1 Rd8 28. Bc3 Qf6
29. Rxf2 gxf2+ 30. Qxf2 Rdd7 31. Be1 Rdg7 32. Qb2 Rg6 33. Bf1 Rgg7 34. c5 Bc7
35. b4 Bd8 36. Kh1 Qf8 37. a4 Bf6 38. b5 b6 39. Qa3 Rb7 40. Bb4 Qf7 41. cxb6
axb6 42. Bd6 Qd7 43. Rc1 cxb5 44. Bxb5 Qd8 45. Bb4 Rhc7 46. Rb1 Bxb5 47. axb5
Qe8 48. Be1 Rc2 49. Bxh4 Bxh4 50. Nxh4 Rbc7 51. Qd6 Rb7 52. Nf3 Qe7 53. Qe5 Rc8
54. Ng5 Re8 55. Rc1 Qg7 56. Qd6 Qe7 57. Qe5 Qg7 58. Qd6 Qe7 59. Qc6 Rbb8 60.
Qc3 Qd7 61. Qb2 Rec8 62. Rxc8+ Rxc8 63. Kh2 Rc4 64. Qf2 Qe8 65. Qh4 Qg6 66. Nf3
Rc2 67. Qd8+ Kg7 68. Ng5 e5 69. dxe5 Rc3 70. Qxd5 Rxe3 71. Qd7+ Kh6 72. Qc8 1-0

[Event "Madrid ch 2009 - Semifinal B"]
[Site "Madrid ESP"]
[Date "2009.01.23"]
[Round "4.11"]
[White "Martin Prieto, Oscar"]
[Black "Alonso Aranzabal, Iñigo"]
[Result "1-0"]
[WhiteElo "2118"]
[BlackElo "2082"]
[PlyCount "79"]
[EventDate "2009.01.15"]
[EventType "swiss"]
[EventRounds "9"]
[EventCountry "ESP"]
[Source "lmi"]
[SourceDate "2009.01.15"]

1. e4 e5 2. Bc4 Nf6 3. d3 Nc6 4. c3 Bc5 5. Nf3 d6 6. O-O Bg4 7. h3 Be6 8. Bxe6
fxe6 9. Qb3 Qd7 10. Be3 Bb6 11. Nbd2 h6 12. Nc4 g5 13. Bxb6 axb6 14. Rfe1 g4
15. Nh4 gxh3 16. g3 Ng4 17. Ne3 h5 18. Rad1 O-O-O 19. a4 Rhf8 20. Nxg4 hxg4 21.
a5 Nxa5 22. Qa2 Qf7 23. Rd2 Rh8 24. Re3 Rdf8 25. d4 exd4 26. cxd4 Rh5 27. Rc2
Nc6 28. Qa8+ Nb8 29. b4 Qf6 30. Rec3 Rh7 31. Qa1 c6 32. b5 c5 33. e5 Qd8 34.
exd6 Qxd6 35. dxc5 h2+ 36. Kh1 Qd5+ 37. Kxh2 Kd7 38. cxb6 Rhf7 39. Qe1 Qxb5 40.
Rd2+ 1-0

[Event "Madrid ch 2009 - Semifinal B"]
[Site "Madrid ESP"]
[Date "2009.01.23"]
[Round "4.12"]
[White "Esquivias Gomez, Francisco Javier"]
[Black "Garcia Serrano, Jose Manuel"]
[Result "0-1"]
[WhiteElo "2044"]
[BlackElo "1887"]
[PlyCount "106"]
[EventDate "2009.01.15"]
[EventType "swiss"]
[EventRounds "9"]
[EventCountry "ESP"]
[Source "lmi"]
[SourceDate "2009.01.15"]

1. e4 e5 2. d4 exd4 3. Bc4 Nc6 4. Nf3 Nf6 5. e5 d5 6. Bb5 Ne4 7. Nxd4 Bd7 8.
Bxc6 bxc6 9. O-O c5 10. Ne2 c6 11. f3 Ng5 12. Ng3 h5 13. f4 h4 14. Nh5 Ne4 15.
Nc3 Bf5 16. Qf3 Qd7 17. h3 Nxc3 18. bxc3 Be4 19. Qg4 Qxg4 20. hxg4 Bg6 21. Rb1
O-O-O 22. f5 Bxh5 23. gxh5 Rxh5 24. e6 fxe6 25. fxe6 Bd6 26. Rf7 Re8 27. Rxa7
Rxe6 28. Ra8+ Kc7 29. Ra7+ Kc8 30. Rxg7 Re1+ 31. Kf2 Rhe5 32. Rg8+ Re8 33.
Rxe8+ Rxe8 34. Be3 Bg3+ 35. Kf3 Rf8+ 36. Kg4 d4 37. cxd4 cxd4 38. Bg1 Rf4+ 39.
Kh3 Re4 40. Rb4 c5 41. Rc4 Bd6 42. Bh2 Kd7 43. a4 Kc6 44. Bxd6 Kxd6 45. a5 Re3+
46. Kxh4 Ra3 47. c3 d3 48. Rf4 d2 49. Rf1 Rxc3 50. Rd1 Rd3 51. a6 Kc7 52. g4 c4
53. Rb1 d1=Q 0-1

[Event "Madrid ch 2009 - Semifinal B"]
[Site "Madrid ESP"]
[Date "2009.01.23"]
[Round "4.13"]
[White "Martin Duque, Jesus"]
[Black "Lozano Sanchez, Jose Antonio"]
[Result "1-0"]
[WhiteElo "1757"]
[BlackElo "1958"]
[PlyCount "73"]
[EventDate "2009.01.15"]
[EventType "swiss"]
[EventRounds "9"]
[EventCountry "ESP"]
[Source "lmi"]
[SourceDate "2009.01.15"]

1. e4 e5 2. Nf3 Nc6 3. Bc4 Bc5 4. d3 Nf6 5. O-O d6 6. c3 Bg4 7. h3 Bh5 8. Nbd2
h6 9. Re1 O-O 10. Nf1 Nh7 11. Ng3 Bxf3 12. Qxf3 Qf6 13. Nf5 Kh8 14. Be3 Bxe3
15. fxe3 a6 16. Bb3 Ng5 17. Qg3 Ne6 18. Rf1 Qg5 19. Qf3 Rae8 20. h4 Qg6 21. Qh3
Qh7 22. h5 Ng5 23. Qh4 Ne7 24. Kh1 Ng8 25. Rf2 Nf6 26. Raf1 Rd8 27. Nxg7 Nfxe4
28. dxe4 Kxg7 29. Qg4 Kh8 30. Rf5 Qg7 31. Rf6 Ne6 32. Bxe6 fxe6 33. Qxe6 Rxf6
34. Rxf6 Qd7 35. Rxh6+ Kg7 36. Qg6+ Kf8 37. Rh8+ 1-0

[Event "Madrid ch 2009 - Semifinal B"]
[Site "Madrid ESP"]
[Date "2009.01.24"]
[Round "5.2"]
[White "Peñalosa Pinilla, Jesus"]
[Black "Adan Bermudez, Sergio"]
[Result "1-0"]
[WhiteElo "2228"]
[BlackElo "2295"]
[PlyCount "127"]
[EventDate "2009.01.15"]
[EventType "swiss"]
[EventRounds "9"]
[EventCountry "ESP"]
[Source "lmi"]
[SourceDate "2009.01.15"]

1. e4 c5 2. Nc3 Nc6 3. g3 g6 4. Bg2 Bg7 5. d3 e6 6. f4 d6 7. Nf3 Nge7 8. O-O
O-O 9. Be3 Nd4 10. Qd2 Rb8 11. Nd1 Nxf3+ 12. Bxf3 b6 13. c3 f5 14. Bf2 Bb7 15.
Bg2 e5 16. exf5 Bxg2 17. Kxg2 exf4 18. Qxf4 Nxf5 19. Qg4 Re8 20. Rc1 d5 21. Rc2
d4 22. a3 Qd5+ 23. Qf3 Qb3 24. Re2 dxc3 25. Nxc3 Bxc3 26. bxc3 Qxc3 27. g4 Rxe2
28. Qxe2 Ng7 29. Bg3 Re8 30. Qf3 Qb3 31. Bd6 h6 32. Bf8 Qe6 33. Rf2 Rd8 34. Kg1
Rd7 35. Bxg7 Kxg7 36. Qf8+ Kh7 37. h3 Qg8 38. Qf3 Qg7 39. Kg2 Qe7 40. a4 Kg7
41. Kg1 Rd4 42. a5 bxa5 43. Re2 Qf7 44. Qe3 Rd5 45. Rf2 Qc7 46. Qf3 Rd7 47.
Qf6+ Kh7 48. Qf3 Qd6 49. Qe3 Qxd3 50. Rf7+ Rxf7 51. Qxd3 Kg7 52. Qd5 g5 53.
Qxc5 a4 54. Qd4+ Kh7 55. Qxa4 Kg7 56. Kg2 Kh7 57. Kg3 Kg7 58. Qc6 Kh7 59. h4
gxh4+ 60. Kxh4 Kg7 61. Kh5 Rf6 62. Qd7+ Kf8 63. Qxa7 Re6 64. Qh7 1-0

[Event "Madrid ch 2009 - Semifinal B"]
[Site "Madrid ESP"]
[Date "2009.01.24"]
[Round "5.3"]
[White "Lopez de Turiso, Jose Angel"]
[Black "Montañes Arribas, Adrian"]
[Result "0-1"]
[WhiteElo "2079"]
[BlackElo "2046"]
[PlyCount "62"]
[EventDate "2009.01.15"]
[EventType "swiss"]
[EventRounds "9"]
[EventCountry "ESP"]
[Source "lmi"]
[SourceDate "2009.01.15"]

1. d4 d5 2. c4 c6 3. cxd5 cxd5 4. Nc3 Nf6 5. Bg5 Ne4 6. Bf4 Nc6 7. Nxe4 dxe4 8.
e3 e5 9. Bc4 exf4 10. Ne2 Bb4+ 11. Nc3 Qg5 12. Qd2 fxe3 13. fxe3 Bg4 14. O-O
O-O 15. Rf4 Bxc3 16. bxc3 Rae8 17. Rb1 Bc8 18. Rb5 Qg6 19. Qf2 a6 20. Rb6 Qh5
21. h3 Re7 22. Rb1 b5 23. Be2 Qd5 24. Bd1 Na5 25. a4 f5 26. axb5 axb5 27. Ra1
Nc4 28. Bb3 g5 29. Qg3 Rg7 30. Rf2 f4 31. exf4 gxf4 0-1

[Event "Madrid ch 2009 - Semifinal B"]
[Site "Madrid ESP"]
[Date "2009.01.24"]
[Round "5.4"]
[White "Ramírez García, Jorge Alberto"]
[Black "Rojas Pozo, Jose Luis"]
[Result "1-0"]
[WhiteElo "2234"]
[BlackElo "1914"]
[PlyCount "47"]
[EventDate "2009.01.15"]
[EventType "swiss"]
[EventRounds "9"]
[EventCountry "ESP"]
[Source "lmi"]
[SourceDate "2009.01.15"]

1. e4 c5 2. Nf3 d6 3. d4 cxd4 4. Nxd4 Nf6 5. Nc3 a6 6. Be3 Ng4 7. Bc1 Nf6 8.
Be2 e5 9. Nb3 Be7 10. O-O O-O 11. Be3 Be6 12. f4 Qc7 13. f5 Bc4 14. Bxc4 Qxc4
15. Nd2 Qc6 16. Qf3 Rd8 17. g4 d5 18. g5 Nxe4 19. Ndxe4 dxe4 20. Nxe4 f6 21. g6
h6 22. Rad1 Nd7 23. Bxh6 gxh6 24. Qb3+ 1-0

[Event "Madrid ch 2009 - Semifinal B"]
[Site "Madrid ESP"]
[Date "2009.01.24"]
[Round "5.5"]
[White "Castejon Caballero, Andres"]
[Black "Martinez De Miguel, Pedro"]
[Result "0-1"]
[WhiteElo "2089"]
[BlackElo "2156"]
[PlyCount "106"]
[EventDate "2009.01.15"]
[EventType "swiss"]
[EventRounds "9"]
[EventCountry "ESP"]
[Source "lmi"]
[SourceDate "2009.01.15"]

1. e4 c5 2. Nf3 d6 3. d4 cxd4 4. Nxd4 Nf6 5. Nc3 a6 6. Be3 Qc7 7. Qd2 e6 8. f3
Nc6 9. g4 h6 10. h4 Bd7 11. Bh3 Ne5 12. b3 Rc8 13. Nce2 d5 14. g5 hxg5 15. hxg5
Nxf3+ 16. Nxf3 Nxe4 17. Qd3 Qxc2 18. Qxc2 Rxc2 19. Nfd4 Rc8 20. Bg2 Rxh1+ 21.
Bxh1 Bb4+ 22. Kd1 Nd6 23. a3 Ba5 24. Bf4 Ke7 25. Rc1 Rxc1+ 26. Kxc1 f6 27.
gxf6+ gxf6 28. Bd2 Bxd2+ 29. Kxd2 e5 30. Nc2 Ke6 31. Nb4 Ne4+ 32. Ke3 f5 33.
Bxe4 fxe4 34. Ng3 a5 35. Na2 Bc6 36. b4 d4+ 37. Kd2 Bd5 38. Nc1 axb4 39. axb4
Kd6 40. Nf5+ Ke6 41. Ng3 Kf6 42. Ke2 Kg5 43. Kf2 Kg4 44. Nf1 Bc4 45. Ne2 e3+
46. Nxe3+ dxe3+ 47. Kxe3 Bxe2 48. Kxe2 Kf4 49. b5 Ke4 50. b6 Kd4 51. Kf3 Kd3
52. Kf2 e4 53. Ke1 Ke3 0-1

[Event "Madrid ch 2009 - Semifinal B"]
[Site "Madrid ESP"]
[Date "2009.01.24"]
[Round "5.6"]
[White "Sanchez Garcia, Aurelio"]
[Black "Martin Duque, Jesus"]
[Result "1/2-1/2"]
[WhiteElo "2126"]
[BlackElo "1757"]
[PlyCount "95"]
[EventDate "2009.01.15"]
[EventType "swiss"]
[EventRounds "9"]
[EventCountry "ESP"]
[Source "lmi"]
[SourceDate "2009.01.15"]

1. Nf3 Nf6 2. c4 e6 3. g3 d5 4. Bg2 Be7 5. b3 O-O 6. Bb2 c5 7. O-O Nc6 8. e3 b6
9. Nc3 Bb7 10. cxd5 exd5 11. d4 cxd4 12. Nxd4 Nxd4 13. Qxd4 Qd7 14. Rfd1 Rfd8
15. Rd2 Bc5 16. Qh4 Qe6 17. Rad1 Be7 18. Qf4 Bd6 19. Qd4 Be5 20. Qd3 a6 21. e4
d4 22. Ne2 a5 23. f3 Ba6 24. Qb1 d3 25. Bxe5 Qxe5 26. Nf4 Qd4+ 27. Kh1 Rac8 28.
Bf1 Qe3 29. Kg2 g5 30. Qb2 Nxe4 31. Nh5 Nc3 32. Nf6+ Kg7 33. Ng4 Qd4 34. Rxd3
Bxd3 35. Rxd3 Qc5 36. Rxd8 Rxd8 37. Bc4 Qd4 38. Qa3 Qd2+ 39. Kh3 h5 40. Ne5 Nd5
41. Bxd5 Qxd5 42. Qe7 Qe6+ 43. Qxe6 fxe6 44. Nc4 Rb8 45. a4 Kf6 46. Kg2 Kf5 47.
Kf2 b5 48. Nd6+ 1/2-1/2

[Event "Madrid ch 2009 - Semifinal B"]
[Site "Madrid ESP"]
[Date "2009.01.24"]
[Round "5.7"]
[White "Garcia Serrano, Jose Manuel"]
[Black "Martin Prieto, Oscar"]
[Result "0-1"]
[WhiteElo "1887"]
[BlackElo "2118"]
[PlyCount "36"]
[EventDate "2009.01.15"]
[EventType "swiss"]
[EventRounds "9"]
[EventCountry "ESP"]
[Source "lmi"]
[SourceDate "2009.01.15"]

1. e4 e5 2. f4 d5 3. exd5 e4 4. d3 Nf6 5. dxe4 Nxe4 6. Nf3 Bb4+ 7. Bd2 Nxd2 8.
Qe2+ Ne4+ 9. c3 O-O 10. cxb4 Re8 11. Ne5 Qh4+ 12. g3 Nxg3 13. Qf2 Rxe5+ 14.
fxe5 Qe4+ 15. Kd1 Nxh1 16. Qe2 Qd4+ 17. Ke1 Bg4 18. Qf2 Qd1# 0-1

[Event "Madrid ch 2009 - Semifinal B"]
[Site "Madrid ESP"]
[Date "2009.01.24"]
[Round "5.8"]
[White "Cabañas Bravo, Juan Andres"]
[Black "Ferreiro Calvo, Manuel"]
[Result "1-0"]
[WhiteElo "2073"]
[BlackElo "2041"]
[PlyCount "77"]
[EventDate "2009.01.15"]
[EventType "swiss"]
[EventRounds "9"]
[EventCountry "ESP"]
[Source "lmi"]
[SourceDate "2009.01.15"]

1. e4 d5 2. exd5 Qxd5 3. Nc3 Qa5 4. b4 Qxb4 5. Rb1 Qd6 6. Qf3 Nf6 7. Rxb7 c6 8.
Rb1 Nbd7 9. Be2 e5 10. Nb5 Qb8 11. Qxc6 Kd8 12. Qc4 Bb7 13. Nf3 Bd5 14. Qc3 Bc5
15. O-O a6 16. Na3 Qa7 17. Nc4 e4 18. Nfe5 Rc8 19. Qa5+ Ke7 20. Nxd7 Nxd7 21.
Ne3 Be6 22. Qxa6 Qc7 23. Rb7 Qe5 24. Ba3 Rhd8 25. Bxc5+ Rxc5 26. Rb5 f5 27.
Rfb1 f4 28. Nc4 Qg5 29. Qd6+ Kf7 30. Rxc5 Nxc5 31. Ne5+ Kg8 32. Qxc5 f3 33. Bf1
h6 34. d4 Kh7 35. Qc6 Bxa2 36. Qxe4+ Kg8 37. Nxf3 Qh5 38. Re1 Bd5 39. Qe7 1-0

[Event "Madrid ch 2009 - Semifinal B"]
[Site "Madrid ESP"]
[Date "2009.01.24"]
[Round "5.9"]
[White "Nieto De La Cruz, Julio"]
[Black "Garcia Salamero, Gabriel"]
[Result "1/2-1/2"]
[WhiteElo "2059"]
[BlackElo "2027"]
[PlyCount "77"]
[EventDate "2009.01.15"]
[EventType "swiss"]
[EventRounds "9"]
[EventCountry "ESP"]
[Source "lmi"]
[SourceDate "2009.01.15"]

1. d4 Nf6 2. c4 e5 3. dxe5 Ng4 4. e3 Nxe5 5. Nh3 Ng6 6. e4 Bb4+ 7. Bd2 Qe7 8.
Bxb4 Qxb4+ 9. Qd2 Nc6 10. a3 Qxd2+ 11. Nxd2 d6 12. g3 Bxh3 13. Bxh3 Nge5 14.
O-O g5 15. f4 gxf4 16. gxf4 Nd3 17. b4 Nd4 18. Kh1 Rg8 19. e5 Ne6 20. Bxe6 fxe6
21. exd6 cxd6 22. Ne4 Ke7 23. Nxd6 Nxb4 24. axb4 Kxd6 25. f5 exf5 26. Rxf5 Rg7
27. Rd5+ Kc7 28. Rda5 Rg4 29. Rc5+ Kb6 30. Rb5+ Kc6 31. Rc5+ Kb6 32. Rc1 Rag8
33. Rh5 R8g7 34. c5+ Kc7 35. Rb1 a6 36. Rh6 R4g6 37. Rh3 Kc6 38. Rd3 Kb5 39.
Rd4 1/2-1/2

[Event "Madrid ch 2009 - Semifinal B"]
[Site "Madrid ESP"]
[Date "2009.01.24"]
[Round "5.10"]
[White "Sotnikov, Taras"]
[Black "Martin Martin, Luis Vicente"]
[Result "1/2-1/2"]
[WhiteElo "1925"]
[BlackElo "2085"]
[PlyCount "114"]
[EventDate "2009.01.15"]
[EventType "swiss"]
[EventRounds "9"]
[EventCountry "ESP"]
[Source "lmi"]
[SourceDate "2009.01.15"]

1. e4 e6 2. Qe2 e5 3. g3 Nc6 4. c3 Nf6 5. Bg2 Be7 6. Nf3 O-O 7. O-O d6 8. h3 a5
9. d4 b6 10. Rd1 Qe8 11. Bg5 Nd7 12. Qc4 Ndb8 13. Be3 Bf6 14. Na3 Ba6 15. Qd5
Bb7 16. Nb5 Qc8 17. Qc4 Ba6 18. a4 Qb7 19. d5 Bxb5 20. Qxb5 Ne7 21. b4 Rd8 22.
Rdb1 Qc8 23. Nd2 Nd7 24. Bf1 axb4 25. cxb4 c5 26. dxc6 Qxc6 27. Rc1 Qxb5 28.
Bxb5 Rab8 29. Rc7 Nf8 30. Bc4 d5 31. exd5 Nxd5 32. Bxd5 Rxd5 33. Nc4 Ne6 34.
Rc6 b5 35. Nb6 Rdd8 36. a5 Nd4 37. Bxd4 exd4 38. a6 d3 39. Rd1 Bd4 40. Rxd3
Bxf2+ 41. Kxf2 Rxd3 42. a7 Re8 43. a8=Q Rd2+ 44. Kf1 Rd1+ 45. Kg2 Rd2+ 46. Kh1
Rd1+ 47. Kg2 Rd2+ 48. Kf3 Rd3+ 49. Kf4 Rd4+ 50. Kf5 Rxa8 51. Nxa8 h6 52. Rc8+
Kh7 53. Rb8 Rxb4 54. Nc7 Rb3 55. Kf4 Rb4+ 56. Kf3 Rb3+ 57. Kf2 Rb2+ 1/2-1/2

[Event "Madrid ch 2009 - Semifinal B"]
[Site "Madrid ESP"]
[Date "2009.01.24"]
[Round "5.11"]
[White "Collado Barbas, Laura"]
[Black "Vazquez Gonzalez, Jesus"]
[Result "0-1"]
[WhiteElo "2046"]
[BlackElo "2044"]
[PlyCount "74"]
[EventDate "2009.01.15"]
[EventType "swiss"]
[EventRounds "9"]
[EventCountry "ESP"]
[Source "lmi"]
[SourceDate "2009.01.15"]

1. d4 d5 2. c4 dxc4 3. Nf3 Nf6 4. e3 Be6 5. Na3 c6 6. Nxc4 h6 7. Bd3 Nbd7 8. b3
g5 9. Nfe5 Bg7 10. Bb2 Bd5 11. f3 b5 12. Nxd7 Nxd7 13. Nd2 Qb6 14. Qe2 e5 15.
e4 Be6 16. d5 cxd5 17. exd5 Bxd5 18. Bxb5 Rd8 19. Ba3 Be6 20. Rc1 Qa5 21. Ba4
Bf8 22. Bxf8 Kxf8 23. Qb5 Qb6 24. Qxb6 Nxb6 25. Bb5 Kg7 26. Ke2 Nd5 27. g3 f5
28. Bc4 Rd7 29. Rhd1 Rhd8 30. Bb5 Rd6 31. Ke1 Ne3 32. Ke2 Nxd1 33. Rxd1 e4 34.
fxe4 fxe4 35. Ke3 Bg4 36. Be2 Bxe2 37. Kxe2 Rd3 0-1

[Event "Madrid ch 2009 - Semifinal B"]
[Site "Madrid ESP"]
[Date "2009.01.24"]
[Round "5.12"]
[White "Martin Mazuelo, Miguel Angel"]
[Black "Suarez Uriel, Adrian"]
[Result "0-1"]
[WhiteElo "1983"]
[BlackElo "2160"]
[PlyCount "46"]
[EventDate "2009.01.15"]
[EventType "swiss"]
[EventRounds "9"]
[EventCountry "ESP"]
[Source "lmi"]
[SourceDate "2009.01.15"]

1. e4 c5 2. a3 e6 3. b4 cxb4 4. axb4 Bxb4 5. Bb2 Nf6 6. e5 Nd5 7. Qg4 Bf8 8.
Na3 d6 9. Nb5 dxe5 10. Nf3 Nc6 11. Nxe5 Nxe5 12. Bxe5 Bd7 13. Nd6+ Bxd6 14.
Bxd6 Qf6 15. Qd1 Ne7 16. Qb1 O-O 17. Bxe7 Qxe7 18. Qxb7 Qc5 19. Qb1 Bc6 20. Qd1
Qe5+ 21. Be2 Bxg2 22. d4 Qc7 23. Rg1 Qc3+ 0-1

[Event "Madrid ch 2009 - Semifinal B"]
[Site "Madrid ESP"]
[Date "2009.01.24"]
[Round "5.13"]
[White "Alonso Aranzabal, Iñigo"]
[Black "Lozano Sanchez, Jose Antonio"]
[Result "1-0"]
[WhiteElo "2082"]
[BlackElo "1958"]
[PlyCount "47"]
[EventDate "2009.01.15"]
[EventType "swiss"]
[EventRounds "9"]
[EventCountry "ESP"]
[Source "lmi"]
[SourceDate "2009.01.15"]

1. e4 e5 2. Nf3 Nc6 3. d4 exd4 4. Nxd4 Bc5 5. Nxc6 Qf6 6. Qd2 Qxc6 7. Nc3 Bb4
8. Bd3 Bxc3 9. bxc3 d6 10. Rb1 Bd7 11. O-O a6 12. Qg5 g6 13. e5 h6 14. Qh4 dxe5
15. Re1 Ne7 16. Rxe5 Be6 17. Ba3 Nc8 18. Bxg6 Rg8 19. Rbe1 Nd6 20. Rxe6+ Kd7
21. Re7+ Kc8 22. Bxd6 cxd6 23. Bf5+ Kb8 24. Be4 1-0

[Event "Madrid ch 2009 - Semifinal B"]
[Site "Madrid ESP"]
[Date "2009.01.30"]
[Round "6.1"]
[White "Vazquez Torres, Adrian"]
[Black "Peñalosa Pinilla, Jesus"]
[Result "0-1"]
[WhiteElo "2065"]
[BlackElo "2228"]
[PlyCount "72"]
[EventDate "2009.01.15"]
[EventType "swiss"]
[EventRounds "9"]
[EventCountry "ESP"]
[Source "lmi"]
[SourceDate "2009.01.15"]

1. e4 c5 2. Nf3 d6 3. d4 cxd4 4. Nxd4 Nf6 5. Nc3 a6 6. Bc4 e6 7. Bb3 Nbd7 8.
O-O Nc5 9. f4 Nxb3 10. axb3 Be7 11. Qf3 O-O 12. Be3 Qc7 13. Qg3 Bd7 14. e5 Ne8
15. Rad1 Rc8 16. Nf5 Bb5 17. Nxb5 axb5 18. Nxg7 Nxg7 19. f5 Kh8 20. Bd4 f6 21.
exd6 Bxd6 22. Qh4 e5 23. Be3 Bc5 24. Bxc5 Qxc5+ 25. Kh1 Qe7 26. Qe4 Rfd8 27. g3
Qc7 28. Qe2 Qc6+ 29. Kg1 Rxd1 30. Rxd1 Nxf5 31. Qf2 Nd4 32. c3 Nf3+ 33. Kf1 Ng5
34. Rd3 Ra8 35. h4 Nh3 36. Qe3 Ra1+ 0-1

[Event "Madrid ch 2009 - Semifinal B"]
[Site "Madrid ESP"]
[Date "2009.01.30"]
[Round "6.3"]
[White "Martinez De Miguel, Pedro"]
[Black "Ramírez García, Jorge Alberto"]
[Result "0-1"]
[WhiteElo "2156"]
[BlackElo "2234"]
[PlyCount "68"]
[EventDate "2009.01.15"]
[EventType "swiss"]
[EventRounds "9"]
[EventCountry "ESP"]
[Source "lmi"]
[SourceDate "2009.01.15"]

1. e4 e6 2. d4 d5 3. e5 c5 4. c3 Nc6 5. Nf3 Bd7 6. Be2 Nge7 7. Na3 Ng6 8. Nc2
cxd4 9. cxd4 Be7 10. O-O O-O 11. Bd3 f6 12. Bxg6 hxg6 13. Re1 Kf7 14. Qd3 Rh8
15. Bd2 g5 16. Bc3 Qg8 17. b4 a5 18. a3 f5 19. b5 Na7 20. a4 Qh7 21. Kf1 g4 22.
Ng1 Qxh2 23. Bxa5 Rh5 24. Ne3 Rah8 25. Ke2 Qh4 26. g3 Qg5 27. Ng2 Rh2 28. Bd2
Qg6 29. Nf4 Qh7 30. Qb3 g5 31. Nxd5 exd5 32. Qxd5+ Be6 33. Qxb7 f4 34. Bb4 Qc2+
0-1

[Event "Madrid ch 2009 - Semifinal B"]
[Site "Madrid ESP"]
[Date "2009.01.30"]
[Round "6.4"]
[White "Adan Bermudez, Sergio"]
[Black "Martin Prieto, Oscar"]
[Result "1-0"]
[WhiteElo "2295"]
[BlackElo "2118"]
[PlyCount "75"]
[EventDate "2009.01.15"]
[EventType "swiss"]
[EventRounds "9"]
[EventCountry "ESP"]
[Source "lmi"]
[SourceDate "2009.01.15"]

1. c4 e5 2. g3 d6 3. Bg2 Be7 4. Nc3 Nf6 5. d3 O-O 6. e4 c6 7. Nge2 Ne8 8. O-O
f5 9. exf5 Bxf5 10. d4 exd4 11. Nxd4 Nd7 12. Nxf5 Rxf5 13. Qg4 Rf8 14. Qe6+ Kh8
15. Bf4 Nc5 16. Qe2 Bg5 17. Bxg5 Qxg5 18. b4 Qf6 19. Qd2 Ne6 20. Rad1 Ng5 21.
f4 Nf7 22. Rfe1 Qd8 23. Ne4 Qc7 24. Qd4 Rd8 25. Qxa7 b5 26. Qxc7 Nxc7 27. Nc3
bxc4 28. Bxc6 Rb8 29. b5 Nd8 30. Rxd6 Nxc6 31. bxc6 Rfc8 32. Rd4 Rb2 33. Re7 h6
34. Rdd7 Ne8 35. c7 Nxc7 36. Rxc7 Rd8 37. Re2 Rb4 38. Rc2 1-0

[Event "Madrid ch 2009 - Semifinal B"]
[Site "Madrid ESP"]
[Date "2009.01.30"]
[Round "6.5"]
[White "Lopez de Turiso, Jose Angel"]
[Black "Cabañas Bravo, Juan Andres"]
[Result "1-0"]
[WhiteElo "2079"]
[BlackElo "2073"]
[PlyCount "75"]
[EventDate "2009.01.15"]
[EventType "swiss"]
[EventRounds "9"]
[EventCountry "ESP"]
[Source "lmi"]
[SourceDate "2009.01.15"]

1. c4 Nf6 2. Nc3 d5 3. cxd5 Nxd5 4. g3 Nxc3 5. dxc3 Qxd1+ 6. Kxd1 e5 7. Be3 Nc6
8. Bg2 Na5 9. b3 Ba3 10. Nf3 f6 11. Nd2 Bd7 12. b4 Ba4+ 13. Ke1 Nc6 14. Nc4
Bxb4 15. cxb4 Nxb4 16. Na3 O-O-O 17. Bh3+ Kb8 18. Be6 Nd5 19. Bxd5 Rxd5 20. f3
b5 21. Kf2 a5 22. Rhc1 b4 23. Rab1 Kc8 24. Nc4 Kd7 25. Nb2 Bb5 26. Rc5 Rxc5 27.
Bxc5 Kc6 28. Rc1 Kb7 29. Nc4 Ka6 30. Ne3 Rd8 31. Ke1 Ba4 32. Nc4 Kb5 33. Nb2 b3
34. a3 Rd5 35. Bf2 c5 36. e4 Rd4 37. Bxd4 exd4 38. Rc4 1-0

[Event "Madrid ch 2009 - Semifinal B"]
[Site "Madrid ESP"]
[Date "2009.01.30"]
[Round "6.6"]
[White "Rojas Pozo, Jose Luis"]
[Black "Sanchez Garcia, Aurelio"]
[Result "1/2-1/2"]
[WhiteElo "1914"]
[BlackElo "2126"]
[PlyCount "70"]
[EventDate "2009.01.15"]
[EventType "swiss"]
[EventRounds "9"]
[EventCountry "ESP"]
[Source "lmi"]
[SourceDate "2009.01.15"]

1. e4 e6 2. d4 d5 3. e5 c5 4. c3 Nc6 5. Nf3 Bd7 6. a3 Nge7 7. b4 cxd4 8. cxd4
Nf5 9. Bb2 Qb6 10. Be2 Be7 11. O-O O-O 12. Bd3 f6 13. Bxf5 exf5 14. Nc3 Be6 15.
Na4 Qd8 16. Re1 Bf7 17. e6 Bh5 18. Rc1 Qd6 19. Qb3 Rfd8 20. Nc5 Qb8 21. Nd7 Qd6
22. Rc5 Rxd7 23. exd7 Bf7 24. Qe3 Kf8 25. Rc2 Qxd7 26. Qc3 Bd6 27. Nd2 Ne7 28.
Qh3 Bg6 29. Nb3 b6 30. Rcc1 Rd8 31. Qe3 f4 32. Qe6 Qa4 33. Nd2 Bf5 34. Qe2 Qd7
35. Nb1 Bg4 1/2-1/2

[Event "Madrid ch 2009 - Semifinal B"]
[Site "Madrid ESP"]
[Date "2009.01.30"]
[Round "6.7"]
[White "Garcia Salamero, Gabriel"]
[Black "Castejon Caballero, Andres"]
[Result "1/2-1/2"]
[WhiteElo "2027"]
[BlackElo "2089"]
[PlyCount "85"]
[EventDate "2009.01.15"]
[EventType "swiss"]
[EventRounds "9"]
[EventCountry "ESP"]
[Source "lmi"]
[SourceDate "2009.01.15"]

1. Nf3 Nf6 2. b3 c5 3. Bb2 Nc6 4. g3 d6 5. Bg2 e5 6. d3 g6 7. O-O Bg7 8. c4 O-O
9. Nc3 h6 10. Nd2 Nh7 11. e4 f5 12. exf5 gxf5 13. Nd5 f4 14. gxf4 exf4 15. Bxg7
Kxg7 16. Nf3 Ng5 17. Kh1 Be6 18. Rg1 Bxd5 19. cxd5 Ne5 20. Nxe5 dxe5 21. Be4
Kh8 22. Qh5 Qf6 23. Bg6 Kg7 24. Be4 Kh8 25. h4 Nxe4 26. Rg6 Nxf2+ 27. Kh2 Ng4+
28. Qxg4 Rg8 29. Rxf6 Rxg4 30. Rxh6+ Kg7 31. Rh5 Kg6 32. Rxe5 Rh8 33. h5+ Rxh5+
34. Rxh5 Kxh5 35. Rg1 Rxg1 36. Kxg1 Kg5 37. Kf2 Kf5 38. Kf3 Ke5 39. d6 Kxd6 40.
Kxf4 Kd5 41. Ke3 Ke5 42. a3 b5 43. b4 1/2-1/2